<?xml version="1.0" encoding="UTF-8"?>
<marc:record xmlns:marc="http://www.loc.gov/MARC21/slim">
   <marc:leader>00000nam a2200000 a 4500</marc:leader>
   <marc:datafield ind1="1" ind2=" " tag="100">
      <marc:subfield code="a">Pennypacker, Sara</marc:subfield>
      <marc:subfield code="4">aut</marc:subfield>
      <marc:subfield code="e">Verfasser/-in</marc:subfield>
   </marc:datafield>
   <marc:datafield ind1="1" ind2=" " tag="100">
      <marc:subfield code="a">Klassen, Jon</marc:subfield>
   </marc:datafield>
   <marc:datafield ind1="1" ind2=" " tag="100">
      <marc:subfield code="a">Kollmann, Birgitt</marc:subfield>
      <marc:subfield code="4">trl</marc:subfield>
      <marc:subfield code="e">Übersetzer/-in</marc:subfield>
   </marc:datafield>
   <marc:datafield ind1=" " ind2=" " tag="653">
      <marc:subfield code="a">Naturerlebnisse</marc:subfield>
   </marc:datafield>
   <marc:datafield ind1=" " ind2=" " tag="653">
      <marc:subfield code="a">Tiergeschichten (Erzählungen und Romane für Kinder)</marc:subfield>
   </marc:datafield>
   <marc:datafield ind1="0" ind2="0" tag="245">
      <marc:subfield code="a">Mein Freund Pax</marc:subfield>
   </marc:datafield>
   <marc:datafield ind1="0" ind2="0" tag="245">
      <marc:subfield code="b">(ab 10)</marc:subfield>
   </marc:datafield>
   <marc:datafield ind1="0" ind2="0" tag="245">
      <marc:subfield code="c">Sara Pennypacker. Aus dem Amerikan. von Birgitt Kollmann. Mit Ill. von Jon Klassen</marc:subfield>
   </marc:datafield>
   <marc:datafield ind1=" " ind2="1" tag="264">
      <marc:subfield code="a">Frankfurt a. M.</marc:subfield>
      <marc:subfield code="b">Fischer Sauerländer</marc:subfield>
      <marc:subfield code="c">2017</marc:subfield>
   </marc:datafield>
   <marc:datafield ind1="1" ind2=" " tag="520">
      <marc:subfield code="a">Peter hat den Fuchswelpen Pax vor dem sicheren Tod gerettet und aufgezogen &#x96; seitdem sind die beiden unzertrennlich. Peter und Pax verstehen sich ohne Worte, und nur zusammen fühlen sie sich ganz. Aber dann kommt der Krieg und reißt die beiden auseinander. Zwischen ihnen liegen Hunderte von Kilometern und warten tausend Gefahren, doch von ihrer Sehnsucht getrieben, kennen die beiden nur einen Gedanken: den anderen wiederzufinden</marc:subfield>
   </marc:datafield>
   <marc:datafield ind1=" " ind2=" " tag="020">
      <marc:subfield code="a">9783737352307</marc:subfield>
      <marc:subfield code="9">9783737352307</marc:subfield>
   </marc:datafield>
   <marc:datafield ind1=" " ind2=" " tag="020">
      <marc:subfield code="a">3737352305</marc:subfield>
      <marc:subfield code="9">3737352305</marc:subfield>
   </marc:datafield>
   <marc:datafield ind1=" " ind2=" " tag="300">
      <marc:subfield code="a">299 S. : Ill.</marc:subfield>
   </marc:datafield>
</marc:record>
